Gods without vowels Quiz Stats

Quiz not verified by Sporcle

Challenge
Share
Tweet
Embed
Score 0/33 Timer 10:00
0 Plays Today
Hint Answer % Correct
Z__sZeus
100%
H_d_sHades
95.8%
P_s__d_nPoseidon
93.1%
H_r_Hera
91.7%
D_m_t_rDemeter
90.3%
H_rm_sHermes
90.3%
_phr_d_t_Aphrodite
88.9%
_p_ll_Apollo
88.9%
_rt_m_sArtemis
87.5%
D__nys_sDionysus
86.1%
Hypn_sHypnos
86.1%
P_rs_ph_n_Persephone
86.1%
P_nPan
86.1%
_r_sAres
84.7%
_th_n_Athena
84.7%
N_k_Nike
84.7%
H_ph__st_sHephaestus
83.3%
Hint Answer % Correct
N_m_s_sNemesis
83.3%
H_r_cl_sHeracles
83.3%
Tr_t_nTriton
81.9%
Tych_Tyche
80.6%
M_rph__sMorpheus
79.2%
H_st__Hestia
73.6%
H_c_t_Hecate
68.1%
H_b_Hebe
65.3%
Th_n_t_sThanatos
59.7%
_r_sIris
54.2%
_mph_tr_t_Amphitrite
47.2%
_r__dn_Ariadne
33.3%
B_r__sBoreas
33.3%
K_t_Keto
27.8%
___l_sAeolus
20.8%
Kh__n_Khione
18.1%

You're not logged in!

Compare scores with friends on all Sporcle quizzes.
Sign Up with Email
OR
Log In

You Might Also Like...

Show Comments

Extras

Top Quizzes Today


Score Distribution

Your Account Isn't Verified!

In order to create a playlist on Sporcle, you need to verify the email address you used during registration. Go to your Sporcle Settings to finish the process.

Report this User

Report this user for behavior that violates our Community Guidelines.

Details: